00430nam a2200169Ia 450000500170000000800410001704000190005804100120007708200130008910000210010224500430012326000270016630000180019350400190021165000200023085000100025020230607120447.0131103s9999 xx 000 0 und d aLoreto College aEnglish a930bCOT aCottrell,Leonard aWonders of antiquitycLeonard Cottrell aLondonbLongmansc1960 a162 p.b ill. aIncludes index aAncient History aLCLIB